| 000 | 00557nam a22001817a 4500 | ||
|---|---|---|---|
| 999 |
_c8512 _d8512 |
||
| 008 | 201201b ||||| |||| 00| 0 eng d | ||
| 040 | _aBMS College of Architecture | ||
| 100 | _aBaliga, Ankita | ||
| 245 | _aBodha celebration of Literature and art | ||
| 300 | _a51p. | ||
| 500 | _a1BM13AT005 | ||
| 502 |
_8B,Arch _NBMS College of Architecture, Visvesvaraya Technological University (VTU) _aProject report _d2017 |
||
| 650 | _aLiterature | ||
| 650 | _aart | ||
| 700 |
_aDakshayani R Patil _eGuide |
||
| 700 |
_aJoseph Alwin B _eGuide |
||
| 942 |
_2ddc _cTHE |
||